[Event "1st Bobotsov Mem"]
[Site "Sofia BUL"]
[Date "2008.10.18"]
[Round "4"]
[White "Georgiev,Vl"]
[Black "Todorov,O"]
[Result "1-0"]
[WhiteElo "2517"]
[BlackElo "2318"]

1.d4 Nf6 2.c4 e6 3.Nf3 b6 4.Nc3 Bb7 5.a3 d5 6.Bg5 Be7 7.Qa4+ c6 8.Bxf6 Bxf6
9.cxd5 exd5 10.g3 O-O 11.Bg2 Re8 12.O-O Nd7 13.Rad1 a6 14.Qc2 c5 15.dxc5 Nxc5
16.Nd4 Rc8 17.Qb1 Qd7 18.e3 Na4 19.Nce2 g6 20.Nf4 Be5 21.Bh3 f5 22.Bg2 Bxf4
23.gxf4 Nc5 24.Qa2 Ne4 25.Bxe4 fxe4 26.Kh1 Kh8 27.Rg1 Rf8 28.Rg5 Rf6 29.Qa1 h6
30.Rg3 Kh7 31.Rdg1 Rg8 32.Qd1 Bc8 33.Qc2 Bb7 34.h4 Bc8 35.Rc1 Bb7 36.Qc7 Rd8
37.Qe5 Rf7 38.h5  1-0

[Event "24th ECC"]
[Site "Kallithea GRE"]
[Date "2008.10.23"]
[Round "7"]
[White "Devereaux,M"]
[Black "Grabliauskas,V"]
[Result "1/2-1/2"]
[WhiteElo "2415"]
[BlackElo "2427"]

1.d4 Nf6 2.c4 e6 3.Nf3 b6 4.Nc3 Bb7 5.Bg5 Be7 6.a3 O-O 7.e3 h6 8.Bh4 Ne4
9.Bxe7 Qxe7 10.Nxe4 Bxe4 11.Be2 a5 12.O-O a4 13.Nd2 Bb7 14.Rc1 Ra5 15.c5 bxc5
16.Rxc5 Rxc5 17.dxc5 Qxc5 18.Qxa4 Nc6  1/2-1/2

[Event "WYCC Boys U14"]
[Site "Vung Tau City VIE"]
[Date "2008.10.23"]
[Round "5"]
[White "Hansen,Pa"]
[Black "Celis,J"]
[Result "0-1"]
[WhiteElo "2074"]
[BlackElo "1619"]

1.d4 Nf6 2.Nf3 e6 3.c4 b6 4.Nc3 Bb4 5.Bd2 Bb7 6.e3 O-O 7.Bd3 Bxc3 8.Bxc3 Ne4
9.Qc2 f5 10.Nd2 Nxc3 11.Qxc3 Bxg2 12.Rg1 Bb7 13.O-O-O Qf6 14.Kb1 c5 15.Rg3 Nc6
16.Nf3 cxd4 17.exd4 Rae8 18.Rdg1 Re7 19.h4 d6 20.Rg5 Nd8 21.d5 Qxc3 22.bxc3 Kh8
23.Nd4 Bc8 24.dxe6 Nxe6 25.Rxf5 g6 26.Rxf8+ Nxf8 27.h5 Kg7 28.hxg6 Nxg6 29.Nb5 Be6
30.f4 Kf6 31.Rf1 Bg4 32.Rf2 Rd7 33.Nd4 h5 34.Kb2 Ne7 35.Rg2 Nf5 36.Rxg4 hxg4
37.Nxf5 d5 38.Ne3 g3 39.Ng4+ Ke7 40.Kc2 g2  0-1

[Event "8th Rohde Open"]
[Site "Sautron FRA"]
[Date "2008.10.26"]
[Round "2"]
[White "Gagunashvili,M"]
[Black "Monroy,C"]
[Result "1-0"]
[WhiteElo "2576"]
[BlackElo "2400"]

1.d4 Nf6 2.c4 e6 3.Nf3 b6 4.Nc3 Bb4 5.Bg5 Bb7 6.Nd2 h6 7.Bh4 g5 8.Bg3 Nc6
9.e3 d6 10.Qc2 Qe7 11.d5 Bxc3 12.Qxc3 Ne5 13.h4 Rg8 14.hxg5 hxg5 15.e4 c6
16.c5 bxc5 17.Bxe5 dxe5 18.dxe6 Qxe6 19.Qxc5 Nd7 20.Qa5 Nb6 21.Nb3 Qe7 22.O-O-O c5
23.f3 c4 24.Qb5+ Kf8 25.Nc5 Bc8 26.Bxc4 Nxc4 27.Qxc4 Kg7 28.Rh5 a5 29.Kb1 Ra7
30.Qc1 Kf6 31.Na4 Be6 32.g3 Rc7 33.Nc3 Qb4 34.Rh6+ Rg6 35.Rh8 Bxa2+ 36.Kxa2 Rxc3
37.bxc3 Qc4+ 38.Ka1 Qa4+ 39.Kb2 Qb5+ 40.Kc2 Kg7 41.Rdd8  1-0

[Event "8th Rohde Open"]
[Site "Sautron FRA"]
[Date "2008.10.31"]
[Round "8"]
[White "Malaniuk,V"]
[Black "Ledoux,A"]
[Result "1-0"]
[WhiteElo "2534"]
[BlackElo "2005"]

1.d4 Nf6 2.Nf3 e6 3.c4 b6 4.Nc3 Bb4 5.Bg5 Bb7 6.Nd2 h6 7.Bh4 c5 8.a3 Bxc3
9.bxc3 O-O 10.e3 d6 11.Bd3 Nbd7 12.O-O Qc7 13.Re1 Rac8 14.e4 Rfe8 15.Re3 e5
16.d5 Kh8 17.Qf3 Rg8 18.Ree1 g5 19.Bg3 Rg6 20.Nf1 h5 21.h4 gxh4 22.Bxh4 Rcg8
23.Ng3 Qd8 24.Bf1 Rg4 25.Nf5 Qf8 26.Qh3 Bc8 27.f3 R4g6 28.Kf2 Nh7 29.Be7 Qe8
30.Qxh5 Nf6 31.Qh3 R8g7 32.g4 Ng8 33.Nxg7 Qxe7 34.Nf5 Bxf5 35.exf5 Rh6 36.Qg3 Ng5
37.Bg2 Kg7 38.Rh1 Rxh1 39.Rxh1 e4 40.f4 Nf3 41.g5  1-0

[Event "ch-BRA s/f"]
[Site "Dois Irmaos BRA"]
[Date "2008.11.01"]
[Round "5"]
[White "Cavalcanti,F"]
[Black "Silva,Ed"]
[Result "1-0"]
[WhiteElo "2271"]
[BlackElo "2045"]

1.d4 Nf6 2.c4 e6 3.Nf3 b6 4.Nc3 Ba6 5.Qa4 Bb7 6.Bg5 Be7 7.e3 O-O 8.Bd3 c5
9.e4 cxd4 10.Nxd4 d6 11.O-O Nbd7 12.Rfe1 a6 13.Qc2 g6 14.Bf1 Qc7 15.Rac1 Rac8
16.Qd2 Rfe8 17.f3 Qb8 18.Be3 Ba8 19.Bf2 Red8 20.Qh6 Bf8 21.Qh3 Re8 22.Nc2 Bc6
23.Nd4 Bb7 24.Kh1 h5 25.Be3 Ne5 26.b3 Ned7 27.Bg5 Bg7 28.Red1 Nf8 29.Bh4 N8h7
30.Bf2 Bh6 31.Rc2 Rc7 32.Qg3 Rd8 33.h4 Ba8 34.Bd3 Nf8 35.Qh2 Rcc8 36.a4 N8d7
37.Qg3 Ne5 38.Bf1 Kh7 39.Qh2 Ne8 40.Be2 Nf6 41.Bg3 Rg8 42.Bf4 Bg7 43.Rcd2 Ne8
44.Be3 Nd7 45.Rb1 Qc7 46.Nd1 Qd8 47.Nf2 Be5 48.Qh3 Qe7 49.Bg5 Bf6 50.Qg3 Bxg5
51.hxg5 Rc5 52.Nh3 Kg7 53.b4 Rc8 54.Qf2 Ne5 55.Rc2 Qd7  1-0

[Event "ch-BRA s/f"]
[Site "Dois Irmaos BRA"]
[Date "2008.11.02"]
[Round "7"]
[White "Disconzi da Silva,R"]
[Black "Fier,A"]
[Result "1/2-1/2"]
[WhiteElo "2352"]
[BlackElo "2581"]

1.d4 Nf6 2.c4 e6 3.Nf3 b6 4.Nc3 Bb4 5.Bg5 Bb7 6.e3 h6 7.Bh4 g5 8.Bg3 Ne4
9.Qc2 Bxc3+ 10.bxc3 d6 11.Bd3 f5 12.d5 Nd7 13.Bxe4 fxe4 14.Qxe4 Qf6 15.Qxe6+ Qxe6
16.dxe6 Nc5 17.O-O Bxf3 18.gxf3 Nxe6 19.f4 gxf4 20.exf4 Kd7 21.Rfe1 Ng7 22.Re4 Nf5
23.Kg2 h5 24.f3 Rag8 25.Kh3 Rh6 26.Bh4 Nxh4 27.Kxh4 Rg2 28.h3 Rf6 29.Rd1 Rxa2
30.Rd5 a5 31.Rxh5 Rf7 32.f5 a4 33.Kg5 a3 34.Rh8 Rg2+ 35.Rg4 a2 36.Ra8 Rf2
37.f4 Rf8 38.Ra7 Rh2 39.Rh4 Rg2+ 40.Rg4 Rg8+ 41.Kh5 Ke7 42.Rxg8 Rxg8 43.Rxa2 Kf6
44.Ra7 Kxf5 45.Kh6 Rh8+ 46.Kg7 Rxh3 47.Rxc7 Kxf4 48.Kf6 Rh6+ 49.Ke7 Ke5 50.Kd7 Rh4
51.Kc6  1/2-1/2

[Event "21st Belgrade Trophy"]
[Site "Obrenovac SRB"]
[Date "2008.11.02"]
[Round "6"]
[White "Maksimovic,Ma"]
[Black "Sarenac,I"]
[Result "0-1"]
[WhiteElo "2120"]
[BlackElo "2286"]

1.Nf3 Nf6 2.c4 b6 3.d4 e6 4.Nc3 Bb7 5.Qc2 c5 6.dxc5 Bxc5 7.Bf4 d5 8.Rd1 O-O
9.cxd5 exd5 10.e3 Nc6 11.a3 Rc8 12.Qa4 Qe7 13.Be2 a6 14.O-O b5 15.Qc2 Rfd8
16.Rfe1 h6 17.Qf5 b4 18.Na4 Ba7 19.axb4 Nxb4 20.Nc3 Ne4 21.Bd3 Nxd3 22.Rxd3 Nxc3
23.Rxc3 Rxc3 24.bxc3 Rc8 25.Qg4 Rc4 26.Qg3 Kh7 27.Be5 f6 28.Bd4 Bxd4 29.exd4 Qf7
30.Nh4 Bc8 31.Rb1 f5 32.Qd3 Rc7 33.Nf3 Qe6 34.Ne5 a5 35.g4 Ba6 36.Qxf5+ Qxf5
37.gxf5 Rxc3 38.Ra1 Bd3 39.Rxa5 Bxf5 40.f3 Be6 41.Ra6 Bg8 42.Kf2 Rc2+ 43.Kg3 Rd2
44.Ra4 Be6 45.h4 Rd1 46.Ra6 Bf5 47.Kf4 Bc2 48.Nc6 Rd3 49.Ra2 Bd1 50.Rf2 Ba4
51.Ne7 Rxd4+ 52.Ke5 Rxh4 53.Nxd5 Rh5+ 54.Kd4 Bc6 55.Ne7 Bb7 56.f4 Rh1 57.Nf5 Kg6
58.Nd6 Rd1+ 59.Ke5 Re1+ 60.Kd4 Bc6 61.Nc4 Kf6 62.Ne5 Be4 63.Ng4+ Kf7 64.Ne3 Bh1
65.Ng4 h5 66.Ne3 g6 67.Rh2 Bc6 68.Rc2 Bf3  0-1

[Event "21st Belgrade Trophy"]
[Site "Obrenovac SRB"]
[Date "2008.11.03"]
[Round "7"]
[White "Simic,GN"]
[Black "Mikicic,Du"]
[Result "1/2-1/2"]
[WhiteElo "2053"]
[BlackElo "2197"]

1.d4 Nf6 2.c4 e6 3.Nf3 b6 4.Nc3 Bb7 5.e3 Be7 6.Be2 O-O 7.O-O d5 8.b3 Nbd7
9.Bb2 c5 10.Rc1 Ne4 11.Nxe4 dxe4 12.Ne5 Nxe5 13.dxe5 Qc7 14.f4 exf3 15.Bxf3 Rad8
16.Qe2 Rd7 17.Rcd1 Rfd8 18.Rxd7 Rxd7 19.Rd1 Qd8 20.Rxd7 Qxd7 21.Bxb7 Qxb7
22.Qd3 g6 23.Bc3 Kg7 24.Kf1 Qc6 25.e4 Kf8 26.Kf2 Ke8 27.Kf3 Qd7  1/2-1/2

[Event "FSIMA November"]
[Site "Budapest HUN"]
[Date "2008.11.08"]
[Round "8"]
[White "Bacso,G"]
[Black "Horvath,And"]
[Result "0-1"]
[WhiteElo "2181"]
[BlackElo "2251"]

1.d4 Nf6 2.Nf3 b6 3.c4 e6 4.Nc3 Bb4 5.Qc2 Bb7 6.a3 Bxc3+ 7.Qxc3 d6 8.b4 Nbd7
9.Bb2 O-O 10.g3 Ne4 11.Qc2 f5 12.Bg2 Qe8 13.O-O Qh5 14.Rad1 Ndf6 15.Nd2 Ng4
16.h3 Nxg3 17.fxg3 Bxg2 18.hxg4 Qh1+ 19.Kf2  0-1

[Event "21st Belgrade Trophy"]
[Site "Obrenovac SRB"]
[Date "2008.11.29"]
[Round "3"]
[White "Nestorovic,De"]
[Black "Jovanovic,Miro2"]
[Result "1/2-1/2"]
[WhiteElo "2424"]
[BlackElo "2071"]

1.d4 Nf6 2.c4 e6 3.Nf3 b6 4.Nc3 Bb7 5.Bg5 Be7 6.e3 d5 7.Rc1 O-O 8.Bd3 dxc4
9.Bxc4 c5 10.Bxf6 Bxf6 11.dxc5 bxc5 12.O-O Qe7 13.Qe2 Nd7 14.Ba6 Bc6 15.Bb5 Bxb5
16.Nxb5 Rab8 17.b3 Nb6 18.e4 g6 19.e5 Bg7 20.Nd6 Nd7 21.Nc4 Nb6 22.Qe4 Rbc8
23.Rfd1 Nd5 24.Ne3 Bh6 25.Rc4 Bxe3 26.fxe3 Rc7 27.Rdc1 Rfc8 28.Kf2 Rd8 29.Qc2 Rdc8
30.Qe2 Qd8 31.g3 Nb4 32.Rd1 Rd7 33.Rxd7 Qxd7 34.e4 Qb5 35.a3 Na6 36.Qc2 Qb6
37.Kg2 Rd8 38.Rc3 Kg7 39.Rd3 h6 40.Qd2 Rxd3 41.Qxd3 Nb8  1/2-1/2

[Event "1st Copa PDV Sur"]
[Site "Buenos Aires ARG"]
[Date "2008.12.04"]
[Round "5"]
[White "Liascovich,L"]
[Black "Mareco,S"]
[Result "1/2-1/2"]
[WhiteElo "2430"]
[BlackElo "2481"]

1.d4 Nf6 2.c4 e6 3.Nf3 b6 4.Nc3 Bb7 5.Bg5 h6 6.Bh4 Be7 7.Qc2 c5 8.dxc5 bxc5
9.e3 O-O 10.Be2 d6 11.O-O Nbd7 12.Rfd1 Qb6 13.Rac1 Rfd8 14.a3 Bc6 15.e4 Qb7
16.Nd5 exd5 17.exd5 Bxd5 18.cxd5 Nb6 19.b4 Rac8 20.Qf5 cxb4 21.Rxc8 Qxc8
22.Qxc8 Rxc8 23.Bxf6 Bxf6 24.axb4 Na4 25.Bf1 Nc3 26.Rd3 Rc4 27.b5 Rc5 28.Nd4 Bxd4
29.Rxd4 Nxb5 30.Ra4 Rxd5 31.g3 Nc3 32.Rxa7 Rd2 33.Ra8+ Kh7 34.Ra3 Nd1 35.Rf3 Kg8
36.Bb5 d5 37.Kf1 Rb2  1/2-1/2

[Event "Mediterranean Open"]
[Site "Rijeka CRO"]
[Date "2008.12.06"]
[Round "9"]
[White "Sulava,N"]
[Black "Bosiocic,Mari"]
[Result "0-1"]
[WhiteElo "2497"]
[BlackElo "2549"]

1.d4 e6 2.Nf3 Nf6 3.c4 b6 4.Nc3 Bb4 5.Bg5 Bb7 6.e3 h6 7.Bh4 Bxc3+ 8.bxc3 d6
9.Nd2 Nbd7 10.f3 Qe7 11.Bd3 g5 12.Bf2 h5 13.Qa4 h4 14.O-O-O a6 15.e4 O-O-O
16.Rhe1 Rhe8 17.Kb2 c5 18.Ka1 Nh5 19.Rb1 e5 20.Rb2 Kc7 21.Reb1 Bc6 22.Qa3 Ra8
23.d5 Bb7 24.Rxb6 Nxb6 25.Qa5 Kb8 26.Rxb6 Nf6 27.Nb3 Nd7 28.Rxb7+ Kxb7 29.Qa4 Rec8
30.Na5+ Ka7 31.Be3 f6 32.Qc6 Nb6 33.Bc2 Rab8  0-1

[Event "III Open"]
[Site "Palma de Mallorca ESP"]
[Date "2008.12.11"]
[Round "6"]
[White "Pons Servera,C"]
[Black "Perez Prieto,G"]
[Result "1-0"]
[WhiteElo "2137"]
[BlackElo "2009"]

1.d4 Nf6 2.c4 e6 3.Nf3 b6 4.Nc3 Bb7 5.g3 Bb4 6.Bg2 c5 7.dxc5 bxc5 8.O-O Bxc3
9.bxc3 O-O 10.Bf4 Ne8 11.Qc2 f5 12.Rfd1 Be4 13.Qd2 d5 14.Ne5 Bxg2 15.Kxg2 Nf6
16.f3 Nbd7 17.Nc6 Qe8 18.Bd6 Rf7 19.Ne5 Nxe5 20.Bxe5 dxc4 21.Bxf6 Rxf6 22.Qf4 Qb5
23.Rab1 Qa4 24.Rd2 Raf8 25.Rb7 R6f7 26.Rxf7 Kxf7 27.Qc7+ Kf6 28.Rd7 Rg8 29.Qd6 Re8
30.f4 Kg6 31.Qc7 Rg8 32.Re7 Kf6 33.Rf7+ Kg6 34.Re7 Kf6 35.Qd6  1-0

[Event "8th Amplico AIG Life Rapid"]
[Site "Warsaw POL"]
[Date "2008.12.20"]
[Round "3"]
[White "Przezdziecka,M"]
[Black "Azarov,S"]
[Result "0-1"]
[WhiteElo "2327"]
[BlackElo "2613"]

1.d4 Nf6 2.Nf3 b6 3.c4 e6 4.Nc3 Bb7 5.e3 d5 6.Be2 Bd6 7.O-O O-O 8.b3 a6 9.Bb2 Nbd7
10.Rc1 Qe7 11.Qd2 Rfe8 12.cxd5 exd5 13.Bd3 Nf8 14.Ne2 Ne4 15.Qc2 c5 16.dxc5 bxc5
17.Bxe4 dxe4 18.Qc3 Ne6 19.Ne5 Qg5 20.Nc4 Bc7 21.Rfd1 Rad8 22.Qc2 Rd3 23.Ng3 Red8
24.Rxd3 exd3 25.Qc3 h5 26.f4 Qg4 27.Qd2 h4 28.Nf1 h3 29.Ne5 Bxe5 30.Bxe5 Bxg2
31.Ng3 Bb7 32.e4 f6 33.f5 Ng5 34.Qd1  0-1

[Event "8th Amplico AIG Life Rapid"]
[Site "Warsaw POL"]
[Date "2008.12.20"]
[Round "4"]
[White "Jaracz,P"]
[Black "Jegorovas,A"]
[Result "1-0"]
[WhiteElo "2513"]
[BlackElo "2303"]

1.d4 e6 2.Nf3 Nf6 3.c4 b6 4.Nc3 Bb7 5.a3 d5 6.Bg5 Be7 7.Bxf6 Bxf6 8.cxd5 exd5
9.Qa4+ c6 10.g3 O-O 11.Bg2 Re8 12.O-O Na6 13.Rad1 Nc7 14.Rfe1 g6 15.h4 h5
16.e3 Bg7 17.b4 a5 18.Qb3 axb4 19.axb4 Qd6 20.Na4 Nb5 21.Nxb6 Ra3 22.Qc2 Qxb4
23.Nd7 Rea8 24.Rb1 Qd6 25.Nc5 Bc8 26.Rb3 Ra2 27.Rb2 R2a3 28.Qd2 Bf5 29.Rc1 Ra1
30.Kh2 Rxc1 31.Qxc1 Qd8 32.Nb3 Qd6 33.Nc5 Qd8 34.Bh3 Bxh3 35.Kxh3 Nd6 36.Qc2 Nc4
37.Ra2 Bf8 38.Nd3 Bg7 39.Kg2 Qc8 40.Ra4 Qb7 41.Qa2 Rxa4 42.Qxa4 Bf8 43.Nde5 Nxe5
44.Nxe5 c5 45.Qe8 Qe7 46.Qxe7 Bxe7 47.dxc5 Bxc5 48.Nd7 Be7 49.Nb6 Bc5 50.Nxd5 f5
51.f3 Kf7 52.e4 fxe4 53.fxe4 Ke6 54.Kf3 Bd6 55.Nf4+ Kf6 56.Nd3 Bb8 57.Nb4 Bd6
58.Nd5+ Ke6 59.Nf4+ Kf6 60.Nh3 Bb8 61.g4 hxg4+ 62.Kxg4 Bc7 63.Nf4 Kf7 64.Nd3 Bd8
65.Ne5+ Kf6 66.Nc6 Bc7 67.e5+ Ke6 68.Kg5 Kd7 69.Kxg6 Bb6 70.Kf7  1-0

[Event "Masters"]
[Site "Berkeley USA"]
[Date "2008.12.21"]
[Round "8"]
[White "Sharavdorj,D"]
[Black "Milman,L"]
[Result "1/2-1/2"]
[WhiteElo "2441"]
[BlackElo "2488"]

1.d4 Nf6 2.Nf3 e6 3.c4 b6 4.Nc3 Bb7 5.a3 d5 6.cxd5 Nxd5 7.e3 Be7 8.Bb5+ c6
9.Bd3 O-O 10.O-O Nxc3 11.bxc3 c5 12.e4 Qc7 13.Qe2 Nd7 14.e5 Rfd8 15.h4 Nf8
16.h5 h6 17.Be3 Qc6 18.a4 Nh7 19.Rfc1 Ng5 20.Ne1 Rac8 21.Qg4 cxd4 22.cxd4 Qd5
23.Qe2 Bb4 24.Rxc8 Rxc8 25.Qg4 Be7 26.Qe2 Bb4  1/2-1/2

[Event "1st Asian Clubs"]
[Site "Al Ain UAE"]
[Date "2008.12.25"]
[Round "1"]
[White "Nguyen Ngoc Truong Son"]
[Black "Ayyad,H"]
[Result "1-0"]
[WhiteElo "2567"]
[BlackElo "2087"]

1.d4 Nf6 2.Nf3 e6 3.c4 b6 4.Nc3 Bb7 5.a3 Ne4 6.Qc2 f5 7.e3 Bd6 8.Bd3 Ng5
9.d5 Nxf3+ 10.gxf3 g6 11.h4 a5 12.h5 Be5 13.f4 Bg7 14.e4 Na6 15.Be3 Qe7 16.O-O-O Nc5
17.e5 Nxd3+ 18.Qxd3 O-O 19.hxg6 hxg6 20.Rhg1 Qf7 21.Rg3 Rad8 22.Rdg1 Kh7
23.Rh1+ Kg8 24.Qf1 exd5 25.Qh3 Rfe8 26.Qh7+ Kf8 27.Rxg6 Re6 28.Rg5 d4 29.Rhg1 Rh6
30.Qxg7+ Qxg7 31.Rxg7  1-0

[Event "17th Donau Open"]
[Site "Aschach AUT"]
[Date "2008.12.27"]
[Round "3"]
[White "Lang,C"]
[Black "Borosova,Z"]
[Result "1/2-1/2"]
[WhiteElo "2149"]
[BlackElo "2234"]

1.d4 Nf6 2.c4 e6 3.Nf3 b6 4.Nc3 Bb4 5.Qc2 Bb7 6.Bg5 h6 7.Bxf6 Qxf6 8.a3 Bxc3+
9.bxc3 O-O 10.e4 Qg6 11.Nd2 d5 12.f3 dxe4 13.Nxe4 e5 14.d5 f5 15.Ng3 Na6
16.Bd3 Bc8 17.O-O Bd7 18.Rae1 Rae8 19.Rf2 h5 20.Rfe2 h4 21.Nh1 Qf6 22.Qd2 Nc5
23.Nf2 Bc8 24.Bb1 Ba6 25.Ba2 Qd6 26.Qc1 Re7 27.Re3 Rfe8 28.R3e2 Qf6 29.Qd2 g6
30.Re3 Kg7 31.R3e2 Qd6 32.Qc1 Rh8 33.Re3 Qf6 34.Qd2 Qd6 35.Rxe5 Rxe5 36.Qd4 Re8
37.f4 Nd7 38.fxe5 Nxe5 39.Nd3 Kf6 40.Nxe5 Rxe5 41.Qxh4+ Kg7 42.Qd4 Kf6 43.Qh4+ Kg7
44.Qd4 Kf6  1/2-1/2

[Event "Hilton Schachfestival"]
[Site "Basel SUI"]
[Date "2009.01.02"]
[Round "2"]
[White "Prohaszka,P2"]
[Black "Lutz,B"]
[Result "1-0"]
[WhiteElo "2512"]
[BlackElo "2207"]

1.d4 Nf6 2.c4 e6 3.Nf3 b6 4.Nc3 Bb4 5.Bg5 Bb7 6.Nd2 h6 7.Bh4 O-O 8.e4 g5
9.Bg3 Nxe4 10.Ndxe4 Bxe4 11.h4 Nc6 12.hxg5 Qxg5 13.a3 Bxc3+ 14.bxc3 Bg6 15.Bh4 Qf4
16.Bd3 Bxd3 17.Qxd3 e5 18.g3 Qg4 19.Bf6 Qg6 20.Qf3 exd4 21.O-O-O Rae8 22.Qf4 Kh7
23.Bg5 Re4 24.Rxh6+ Qxh6 25.Qxe4+ Qg6 26.Rh1+ Kg7 27.Bh6+ Kg8 28.Qxg6+ fxg6
29.Bxf8 Kxf8 30.Rd1 Na5 31.Kc2 Nxc4 32.Rxd4 Nd6 33.Kd3 Ke7 34.g4 Ke6 35.c4 Nb7
36.Ke3 Nc5 37.Rf4 Ke7 38.Rf3 Ne6 39.Rh3 g5 40.Ke4 Kd6 41.Rd3+ Kc6 42.Kf5 a6
43.Rd1 b5 44.cxb5+ axb5 45.f3 Nf8 46.Kxg5 d5 47.Kf6 Kd6 48.f4 c5 49.g5 c4
50.g6 Ne6 51.f5  1-0

[Event "ch-BLR"]
[Site "Minsk BLR"]
[Date "2009.01.13"]
[Round "1"]
[White "Smirnov,Va"]
[Black "Podolchenko,E"]
[Result "0-1"]
[WhiteElo "2383"]
[BlackElo "2475"]

1.d4 Nf6 2.c4 e6 3.Nf3 b6 4.Nc3 Bb7 5.Qb3 Be7 6.Bg5 O-O 7.e3 h6 8.Bh4 Ne4
9.Bxe7 Qxe7 10.Nxe4 Bxe4 11.Be2 c5 12.O-O Nc6 13.dxc5 bxc5 14.Qc3 Rab8 15.Rfd1 Rb6
16.Nd2 Bg6 17.Bf3 Rfb8 18.b3 Nb4 19.Be4 Bh5 20.Bf3 Bxf3 21.Nxf3 a5 22.h3 Nc6
23.Rd3 R8b7 24.Rad1 a4 25.bxa4 Rb4 26.Ne5 Nxe5 27.Qxe5 Rxc4 28.Rb3 d5 29.Rdb1 Ra7
30.a5 Ra4 31.Qb8+ Kh7 32.Rb7 Rxb7 33.Rxb7 Qf6 34.Qf8 Kg6 35.Qb8 Rxa2 36.Qg3+ Kh7
37.Rb5 Qa1+ 38.Kh2 Rxa5 39.Rb7 Ra7  0-1

[Event "Bela Perenyi Mem"]
[Site "Budapest HUN"]
[Date "2009.01.15"]
[Round "7"]
[White "Metaxasz,V"]
[Black "Szabo,Ben"]
[Result "1/2-1/2"]
[WhiteElo "2132"]
[BlackElo "2229"]

1.d4 Nf6 2.Nf3 e6 3.c4 b6 4.Nc3 Bb4 5.Bg5 Bb7 6.e3 h6 7.Bh4 g5 8.Bg3 Ne4
9.Qc2 Bxc3+ 10.bxc3 d6 11.Nd2 f5 12.f3 Nxg3 13.hxg3 Nd7 14.g4 Qf6 15.gxf5 exf5
16.Bd3 Rf8 17.e4 fxe4 18.Nxe4 Qg7 19.O-O-O O-O-O 20.Ng3 g4 21.f4 Qf6 22.Nf5 Rh8
23.Rh5 Qe6  1/2-1/2

[Event "Bela Perenyi Mem"]
[Site "Budapest HUN"]
[Date "2009.01.16"]
[Round "8"]
[White "Metaxasz,V"]
[Black "Papagorasz,T"]
[Result "1/2-1/2"]
[WhiteElo "2132"]
[BlackElo "2224"]

1.d4 Nf6 2.Nf3 e6 3.c4 b6 4.Nc3 d5 5.cxd5 exd5 6.Bg5 Be7 7.e3 O-O 8.Bd3 Bb7
9.O-O Ne4 10.Bxe7 Qxe7 11.Qb3 Nf6 12.Rac1 Na6 13.Rfe1 Nb4 14.Be2 Rfd8 15.Ne5 c5
16.a3 Nc6 17.Nxc6 Bxc6 18.dxc5 bxc5 19.Bf3 Rab8 20.Qc2 Qb7 21.b4 cxb4 22.axb4 Bb5
23.Ra1 Rbc8 24.Qb2 Bd3 25.Red1 Be4 26.Bxe4  1/2-1/2

[Event "Queenstown Classic"]
[Site "Queenstown NZL"]
[Date "2009.01.16"]
[Round "2"]
[White "Duneas,J"]
[Black "Croad,N"]
[Result "0-1"]
[WhiteElo "2075"]
[BlackElo "2305"]

1.d4 Nf6 2.Nf3 b6 3.c4 e6 4.Nc3 Bb7 5.e3 Bb4 6.Bd3 c5 7.O-O cxd4 8.exd4 O-O
9.Bg5 Be7 10.Re1 d6 11.Qe2 Nbd7 12.Rad1 Rc8 13.d5 e5 14.h4 Ne8 15.Qc2 g6
16.Bh6 Ng7 17.g3 Nc5 18.Bf1 Ra8 19.b4 Na6 20.a3 Bc8 21.Be2 f6 22.Ne4 Rf7
23.Qa4 Qe8 24.Qxe8+ Nxe8 25.c5 f5 26.Neg5 e4 27.Bxa6 Bxa6 28.Nxf7 Kxf7 29.Ng5+ Bxg5
30.Bxg5 bxc5 31.bxc5 dxc5 32.Rc1 c4 33.Red1 Nd6 34.Bf4 Ke7 35.Rb1 c3 36.Rdc1 Rc8
37.Rb4 Bd3 38.Kg2 c2 39.f3 Rc5 40.Rd4 Kd7 41.Kf2 Nb5 42.Rb4 Rxd5 43.a4 Nd6
44.Bxd6 Kxd6 45.Rb7 a6 46.Rxh7 exf3 47.Kxf3 Be4+ 48.Ke2 Kc5 49.Rc7+ Kb4 50.Rc6 Rd1
51.R1xc2 Bxc2 52.Rxc2 Rd6 53.Ra2 Kb3 54.Ra1 a5 55.Ke3 Re6+ 56.Kf3 Re4 57.Rb1+ Kxa4
58.Rb6 Rg4 59.Rf6 Kb3 60.h5 gxh5 61.Rxf5 a4 62.Rxh5 Rb4 63.g4 a3 64.Rh1 a2
65.g5 Kb2 66.Rh2+ Ka3  0-1

[Event "Arcapita Open"]
[Site "Manama BHN"]
[Date "2009.01.31"]
[Round "7"]
[White "Bagheri,A"]
[Black "Ortiz,W"]
[Result "1-0"]
[WhiteElo "2486"]
[BlackElo "2151"]

1.d4 Nf6 2.c4 e6 3.Nf3 b6 4.Nc3 Bb7 5.Bg5 Be7 6.Nd2 d5 7.e3 O-O 8.Be2 Ne4
9.Bxe7 Qxe7 10.Bf3 f5 11.O-O Nd7 12.cxd5 Nxc3 13.bxc3 Bxd5 14.a4 Bxf3 15.Nxf3 e5
16.a5 e4 17.Nd2 h6 18.g3 Kh7 19.Qb3 h5 20.axb6 axb6 21.Qb5 Rac8 22.Ra7 h4
23.Kh1 Qe6 24.gxh4 g6 25.Qc4 Qd6 26.f3 Nf6 27.fxe4 Ng4 28.Qe2 Rce8 29.Rf4 Re7
30.Ra1 b5 31.Rg1 Nh6 32.h5 gxh5 33.Qxh5 Rg7 34.Rxg7+ Kxg7 35.exf5 Rf6 36.Ne4  1-0

[Event "Open"]
[Site "Moscow RUS"]
[Date "2009.02.01"]
[Round "2"]
[White "Tenikashvili,G"]
[Black "Andreikin,D"]
[Result "0-1"]
[WhiteElo "2324"]
[BlackElo "2614"]

1.d4 Nf6 2.c4 e6 3.Nf3 b6 4.Nc3 Bb7 5.Bg5 h6 6.Bh4 g5 7.Bg3 Nh5 8.Be5 f6
9.Qd3 fxe5 10.Qg6+ Ke7 11.Qxh5 exd4 12.Nxd4 Bg7 13.e3 Nc6 14.Qg6 Qg8 15.Qd3 Qf7
16.Rd1 Raf8 17.f3 Ne5 18.Qd2 Qh5 19.Be2 Qh4+ 20.g3 Qh3 21.Bf1 Qh5 22.Bg2 Bxf3
23.Nxf3 Rxf3 24.Nb5 Qg4 25.Nxc7 Kd8 26.Nb5 Rhf8 27.Nd4 Rf2 28.Nc6+ Ke8 29.Nxe5 Rxd2
30.Nxg4 Rxg2 31.Rf1 Rxf1+ 32.Kxf1 Rxb2 33.a4 Rb4 34.Rc1 Rxa4 35.Nf2 Ra1 36.Rxa1 Bxa1
37.Ke2 d5 38.Kd3 Ke7 39.cxd5 exd5 40.Kc2 b5 41.Kb3 a5 42.g4 Be5 43.h3 Bc7
44.Nd1 Kd6 45.Nc3 Kc5 46.Ne2 a4+ 47.Ka3 Be5 48.Ng1 Kc4 49.Nf3 Bf6 50.Ne1 Bc3
51.Nf3 Kd3  0-1

[Event "10th EICC"]
[Site "Budva MNE"]
[Date "2009.03.11"]
[Round "6"]
[White "Svetushkin,D"]
[Black "Anisimov,P2"]
[Result "1/2-1/2"]
[WhiteElo "2593"]
[BlackElo "2488"]

1.d4 Nf6 2.c4 e6 3.Nf3 b6 4.Nc3 Bb7 5.a3 d5 6.Bf4 Bd6 7.Bg3 Ne4 8.e3 Nd7
9.cxd5 exd5 10.Nxe4 dxe4 11.Nd2 O-O 12.Nc4 Bxg3 13.hxg3 c5 14.Nd6 Rb8 15.Bc4 Nf6
16.dxc5 bxc5 17.g4 Nxg4 18.Qxg4 Qxd6 19.Rd1 Qf6 20.Qh4 Qxh4 21.Rxh4 Rbd8
22.Rf4 Rxd1+ 23.Kxd1 g6 24.Rf6 Rd8+ 25.Kc2 Rd7 26.Bb5 Rd8 27.Bc4 Rd7 28.Bb5 Rc7
29.Rd6 Kf8 30.Rd8+ Ke7 31.Re8+ Kd6 32.Bc4 Re7 33.Rf8 f5 34.Kc3 Bc6 35.Rf6+ Kc7
36.Be6 Bb5 37.Bc4 Be8 38.b3 Bc6 39.b4 cxb4+ 40.Kxb4 Bb7 41.a4 Bc8 42.a5 Bb7
43.Rf8 Bc6 44.Rf6 Bb7 45.Rf8  1/2-1/2

[Event "10th EICC"]
[Site "Budva MNE"]
[Date "2009.03.12"]
[Round "7"]
[White "Papadopoulos,I"]
[Black "Ogloblin,N"]
[Result "1-0"]
[WhiteElo "2455"]
[BlackElo "2362"]

1.d4 Nf6 2.Nf3 b6 3.c4 e6 4.Nc3 Bb7 5.Bg5 Be7 6.e3 Ne4 7.Nxe4 Bxe4 8.Bf4 O-O
9.Bd3 Bxd3 10.Qxd3 d6 11.e4 Nd7 12.O-O c6 13.Rac1 Re8 14.Rfd1 Nf8 15.Bg3 Ng6
16.d5 e5 17.dxc6 Qc7 18.Nd2 Qxc6 19.Nf1 h5 20.h3 h4 21.Bh2 Bg5 22.Ne3 Rac8
23.Rc2 Bxe3 24.Qxe3 Re6 25.b3 Rf6 26.Rcd2 Re8 27.f3 Ree6 28.Kh1 Nf8 29.Bg1 Rh6
30.Bf2 Qc7 31.Rd5 Ng6 32.Qd2 Ne7 33.Rb5 Nc6 34.Be3 Rhg6 35.Qe1 Qe7 36.Rbd5 Qf6
37.a4 Rg3 38.R5d2 Qg6 39.Bg1 Na5 40.Rb1 Qh5 41.Rd3 Reg6 42.Rb2 Qg5 43.Qf1 Nb7
44.Bh2 Nc5 45.Rd5 Rf6 46.Qd1 Qe3 47.Bxg3 hxg3 48.Rb1 Qh6 49.b4 Nb7 50.a5 bxa5
51.Rb5 axb4 52.Rxb7 a5 53.Rb5 Rf4 54.Rxa5 Rh4 55.Qe2 f5 56.exf5 Rd4 57.Rd5  1-0

[Event "10th EICC"]
[Site "Budva MNE"]
[Date "2009.03.12"]
[Round "7"]
[White "Sanikidze,T"]
[Black "Marinkovic,Sl"]
[Result "1-0"]
[WhiteElo "2522"]
[BlackElo "2388"]

1.d4 Nf6 2.c4 e6 3.Nf3 b6 4.Nc3 Bb7 5.a3 d5 6.cxd5 Nxd5 7.e3 g6 8.Bb5+ c6
9.Bd3 Bg7 10.O-O O-O 11.Na4 Nd7 12.e4 N5f6 13.Qe2 Qe7 14.Bf4 b5 15.Nc3 a6
16.e5 Nh5 17.Bd2 c5 18.Be4 cxd4 19.Bxb7 dxc3 20.Bxc3 Rab8 21.Bb4 Nc5 22.Bxa6 Qa7
23.Bxb5 Rbc8 24.Rac1 Qb6 25.Nd4  1-0

[Event "TCh-BEL 2008-9"]
[Site "Belgium BEL"]
[Date "2009.03.22"]
[Round "11"]
[White "Sokolov,Iv NED"]
[Black "Lutz,Ch"]
[Result "1/2-1/2"]
[WhiteElo "2650"]
[BlackElo "2574"]

1.d4 Nf6 2.c4 e6 3.Nf3 b6 4.Nc3 Bb7 5.a3 d5 6.cxd5 Nxd5 7.e3 g6 8.Bb5+ c6
9.Bc4 Nxc3 10.bxc3 c5 11.Qd3 a6 12.O-O Bg7 13.e4 b5 14.Ba2 O-O 15.Bg5 Qc7
16.Qe3 Nd7 17.e5 Nb6 18.h4 Rfc8 19.Nd2 cxd4 20.cxd4 Qc2 21.Rfc1 Qb2 22.Rcb1 Qc2
23.Bb3 Qc3 24.Qf4 Qd3 25.a4 Bd5 26.a5 Nc4 27.Rd1 Qf5 28.Qg3 h6 29.Be7 h5
30.Nf1 Bh6 31.Bg5 Bxg5 32.hxg5 Qg4 33.Qxg4 hxg4 34.Rdc1 Rd8 35.Rc3 Nb2 36.Bd1 Nxd1
37.Rxd1 Rac8 38.Rxc8 Rxc8 39.Ne3 b4 40.Rb1 Rb8 41.Nxg4 Ba2 42.Rb2 Rb5 43.Nf6+ Kg7
44.Ne4  1/2-1/2

[Event "Open"]
[Site "Las Palmas ESP"]
[Date "2009.04.10"]
[Round "7"]
[White "Viera Falcon,C"]
[Black "Jalabadze,N"]
[Result "0-1"]
[WhiteElo "1779"]
[BlackElo "2041"]

1.d4 Nf6 2.c4 e6 3.Nf3 b6 4.Nc3 Bb4 5.e3 Ne4 6.Qc2 Bxc3+ 7.bxc3 Bb7 8.Bd3 f5
9.O-O O-O 10.Nd2 Nxd2 11.Qxd2 d6 12.f3 Nd7 13.Qe2 Qf6 14.Bb2 e5 15.e4 f4
16.g4 g5 17.Kf2 h5 18.gxh5 Kf7 19.Ke1 Rh8 20.Kd2 Rxh5 21.Rf2 Qh6 22.Kc2 Rh8
23.Rh1 c5 24.Qd1 Bc6 25.Kb1 Nf6 26.Bc2 Qf8 27.Rg2 Rg8 28.Rhg1 Ke7 29.Rd2 Bd7
30.Ba4 Bxa4 31.Qxa4 Qb8 32.dxe5 dxe5 33.Rgd1 Qc7 34.Rd6 Qxd6 35.Qxa7+ Nd7
36.Rxd6 Kxd6 37.Qb7 Rgh8 38.a4 Rxh2 39.a5 bxa5 40.Qa6+ Ke7 41.Ka1 Rg2  0-1